<?xml version="1.0" encoding="UTF-8"?>
<record
    xmlns:xsi="http://www.w3.org/2001/XMLSchema-instance"
    xsi:schemaLocation="http://www.loc.gov/MARC21/slim http://www.loc.gov/standards/marcxml/schema/MARC21slim.xsd"
    xmlns="http://www.loc.gov/MARC21/slim">

  <leader>03723nam a2200445 a 4500</leader>
  <controlfield tag="003">CHAP</controlfield>
  <controlfield tag="005">20250122132400.0</controlfield>
  <controlfield tag="007">cr ||||||a|c|a</controlfield>
  <controlfield tag="008">110121s2010    mx      r     00010 spa d</controlfield>
  <datafield tag="035" ind1=" " ind2=" ">
    <subfield code="a">111974</subfield>
  </datafield>
  <datafield tag="040" ind1=" " ind2=" ">
    <subfield code="c">CHAP</subfield>
  </datafield>
  <datafield tag="090" ind1=" " ind2=" ">
    <subfield code="a">Tesis</subfield>
  </datafield>
  <datafield tag="100" ind1="1" ind2=" ">
    <subfield code="a">Herrera Saucedo, Mar&#xED;a Elena.</subfield>
    <subfield code="9">54942</subfield>
  </datafield>
  <datafield tag="245" ind1="1" ind2="0">
    <subfield code="a">Determinaci&#xF3;n de las diferencias gen&#xE9;ticas del ps&#xED;lido del tomate Bactericera cockerelli (Sulc) (hemiptera: psyllidae), provenientes de cinco estados, mediante t&#xE9;cnicas moleculares</subfield>
    <subfield code="c">/por Mar&#xED;a Elena Herrera Saucedo; director de tesis Juan Fernando Sol&#xED;s Aguilar.</subfield>
  </datafield>
  <datafield tag="264" ind1=" " ind2="1">
    <subfield code="a">Chapingo, M&#xE9;x. :</subfield>
    <subfield code="b">El autor,</subfield>
    <subfield code="c">2010.</subfield>
  </datafield>
  <datafield tag="300" ind1=" " ind2=" ">
    <subfield code="a">1 recurso en l&#xED;nea (65 p&#xE1;ginas) :</subfield>
    <subfield code="b">cuadros, figuras.</subfield>
  </datafield>
  <datafield tag="336" ind1=" " ind2=" ">
    <subfield code="2">rdacontent</subfield>
    <subfield code="a">texto</subfield>
    <subfield code="b">txt</subfield>
  </datafield>
  <datafield tag="337" ind1=" " ind2=" ">
    <subfield code="2">rdamedia</subfield>
    <subfield code="a">computadora</subfield>
    <subfield code="b">c</subfield>
  </datafield>
  <datafield tag="338" ind1=" " ind2=" ">
    <subfield code="2">rdacarrier</subfield>
    <subfield code="a">recursos en l&#xED;nea</subfield>
    <subfield code="b">cr</subfield>
  </datafield>
  <datafield tag="502" ind1=" " ind2=" ">
    <subfield code="b">MCPV</subfield>
    <subfield code="c">Parasitolog&#xED;a</subfield>
    <subfield code="d">2010.</subfield>
    <subfield code="g">MAE</subfield>
  </datafield>
  <datafield tag="520" ind1=" " ind2=" ">
    <subfield code="a">La enfermedad conocida como permanente del tomate en los &#xFA;ltimos diez a&#xF1;os ha causado enormes da&#xF1;os en regiones donde se cultiva esta importante hortaliza. La etiolog&#xED;a de la enfermedad se ha relacionado con organismos tipo bacteria y su transmisi&#xF3;n con el ps&#xED;lido Bactericera cockerelli (Sulc) (Hemiptera: Psyllidae). Esta plaga representa un alto riesgo para la agricultura debido a que es pol&#xED;faga, especialmente de la familia Solanaceae y al menos otras 17 familias. B. cockerelli est&#xE1; asociado con Huanglongbing (HLB) y fitoplasmas, y es capaz de transmitir estos pat&#xF3;genos en plantas de chile, Capsicum annuum L.; tomate, Solanum lycopersicum L.; y papa, Solanum tuberosum L. y en este insecto pueden coexistir al menos tres grupos de fitoplasmas (16SrI, 16SrII y 16SrXIII). Con el objeto de conocer la similitud gen&#xE9;tica de esta plaga en cinco estados de M&#xE9;xico, en el presente trabajo se analiz&#xF3; la regi&#xF3;n ITS4 28S rDNA a individuos adultos de B. cockerelli de Coatepec Harinas, Estado de M&#xE9;xico; Yur&#xE9;cuaro, Michoac&#xE1;n; Morelos; Villa de Arista, San Luis Potos&#xED; y Fresnillo, Zacatecas. Se les obtuvo el DNA de forma directa y se amplific&#xF3; usando los iniciadores ITS4 e ITS5, el producto amplificado se secuenci&#xF3; en el Laboratorio de Fisiolog&#xED;a Celular de la UNAM, y los resultados se compararon con otras secuencias de nucle&#xF3;tidos disponibles en Base de Datos del Banco de Genes (GenBank) del Centro Nacional para la Informaci&#xF3;n en Biotecnolog&#xED;a (NCBI), de Estados Unidos. La alineaci&#xF3;n indic&#xF3; 100% de similitud con B. cockerelli. El producto amplificado fue sometido a un gel de poliacrilamida. Los resultados indican diferencias en los productos amplificados, lo que sugiere que B. cockerelli cuenta con variantes o biotipos, como lo mencionan Serv&#xED;n et al. en 2008. A ello podemos atribuir el diferente grado de da&#xF1;o que causa, la preferencia por el ataque a cultivos de papa, chile o tomate y su afinidad para transmitir virus, bacterias o fitoplasmas.</subfield>
  </datafield>
  <datafield tag="590" ind1=" " ind2=" ">
    <subfield code="a">ALEPH</subfield>
    <subfield code="b">10</subfield>
    <subfield code="c">20130110</subfield>
  </datafield>
  <datafield tag="590" ind1=" " ind2=" ">
    <subfield code="a">BATCH-UPD</subfield>
    <subfield code="b">10</subfield>
    <subfield code="c">20130110</subfield>
  </datafield>
  <datafield tag="590" ind1=" " ind2=" ">
    <subfield code="a">BATCH-UPD</subfield>
    <subfield code="b">10</subfield>
    <subfield code="c">20130410</subfield>
  </datafield>
  <datafield tag="590" ind1=" " ind2=" ">
    <subfield code="a">BATCH-UPD</subfield>
    <subfield code="b">10</subfield>
    <subfield code="c">20130914</subfield>
  </datafield>
  <datafield tag="590" ind1=" " ind2=" ">
    <subfield code="a">BATCH-UPD</subfield>
    <subfield code="b">10</subfield>
    <subfield code="c">20140324</subfield>
  </datafield>
  <datafield tag="590" ind1=" " ind2=" ">
    <subfield code="a">BATCH-UPD</subfield>
    <subfield code="b">10</subfield>
    <subfield code="c">20141002</subfield>
  </datafield>
  <datafield tag="590" ind1=" " ind2=" ">
    <subfield code="a">CONVERSION</subfield>
    <subfield code="b">10</subfield>
    <subfield code="c">20130109</subfield>
  </datafield>
  <datafield tag="650" ind1="1" ind2="4">
    <subfield code="a">Control de plagas.</subfield>
    <subfield code="9">27595</subfield>
  </datafield>
  <datafield tag="650" ind1="1" ind2="4">
    <subfield code="a">Tomate</subfield>
    <subfield code="x">Gen&#xE9;tica.</subfield>
    <subfield code="9">113726</subfield>
  </datafield>
  <datafield tag="650" ind1="1" ind2="4">
    <subfield code="a">Tomate</subfield>
    <subfield code="x">Plagas.</subfield>
    <subfield code="9">113748</subfield>
  </datafield>
  <datafield tag="700" ind1="1" ind2=" ">
    <subfield code="a">Sol&#xED;s Aguilar, Juan Fernando</subfield>
    <subfield code="9">108424</subfield>
    <subfield code="e">Director de tesis.</subfield>
  </datafield>
  <datafield tag="856" ind1=" " ind2=" ">
    <subfield code="u">http://10.13.5.2/tesis/111974.pdf</subfield>
    <subfield code="z">DESCARGAR PDF</subfield>
  </datafield>
  <datafield tag="901" ind1=" " ind2=" ">
    <subfield code="a">BK</subfield>
  </datafield>
  <datafield tag="942" ind1=" " ind2=" ">
    <subfield code="c">TD</subfield>
    <subfield code="2">Clasificaci&#xF3;n Universidad Aut&#xF3;noma Chapingo</subfield>
  </datafield>
  <datafield tag="949" ind1=" " ind2=" ">
    <subfield code="b">BC</subfield>
    <subfield code="c">TES</subfield>
    <subfield code="d">33724002228322</subfield>
    <subfield code="e">TS1</subfield>
    <subfield code="g">Donaci&#xD8;n</subfield>
    <subfield code="h">51852</subfield>
    <subfield code="i">111974</subfield>
    <subfield code="s">b</subfield>
  </datafield>
  <datafield tag="949" ind1=" " ind2=" ">
    <subfield code="b">BC</subfield>
    <subfield code="c">TES</subfield>
    <subfield code="d">33724002228363</subfield>
    <subfield code="e">TS2</subfield>
    <subfield code="f">c.2</subfield>
    <subfield code="g">Donaci&#xD8;n</subfield>
    <subfield code="h">51853</subfield>
    <subfield code="i">111974</subfield>
    <subfield code="s">b</subfield>
  </datafield>
  <datafield tag="999" ind1=" " ind2=" ">
    <subfield code="c">100315</subfield>
    <subfield code="d">100315</subfield>
  </datafield>
  <datafield tag="952" ind1=" " ind2=" ">
    <subfield code="0">0</subfield>
    <subfield code="1">0</subfield>
    <subfield code="2">local</subfield>
    <subfield code="4">0</subfield>
    <subfield code="5">1</subfield>
    <subfield code="7">0</subfield>
    <subfield code="8">TesDigM</subfield>
    <subfield code="a">BD</subfield>
    <subfield code="b">BD</subfield>
    <subfield code="c">E_L</subfield>
    <subfield code="d">2019-12-31</subfield>
    <subfield code="l">0</subfield>
    <subfield code="o">Tesis digital</subfield>
    <subfield code="r">2019-12-31 00:00:00</subfield>
    <subfield code="w">2019-12-31</subfield>
    <subfield code="y">TD</subfield>
  </datafield>
</record>
